Plan Maestro Geotérmico de Nicaragua
| Main Author: | |
|---|---|
| Format: | Section = Libro |
| Language: | Undetermined Spanish |
| Published: |
Managua
Comisión Nacional de Energía (CNE)
2004
|
| Subjects: |
| LEADER | 00643nam a2200193Ia 4500 | ||
|---|---|---|---|
| 008 | 240829s9999 xx 000 0 und d | ||
| 040 | |a BIBLIOTECA-RUSB/ Ref 333.88 N583 | ||
| 041 | |a spa | ||
| 082 | |a Ref 333.88 N583 | ||
| 100 | 1 | |a Nicaragua. Comisión Nacional de Energía | |
| 245 | 1 | 0 | |a Plan Maestro Geotérmico de Nicaragua |
| 260 | |a Managua |b Comisión Nacional de Energía (CNE) |c 2004 | ||
| 300 | |a 87 p. :il. | ||
| 650 | 7 | |a ENERGIA GEOTERMICA - PLAN MAESTRO - NICARAGUA | |
| 650 | 7 | |b RECURSOS GEOTERMICO - NICARAGUA | |
| 650 | 7 | |c ESTUDIOS GEOTERMICOS - MOMOTOMBO - SAN JACINTO - TIZATE | |
| 942 | |c BK |2 ddc | ||
| 991 | |a TEXTO | ||
| 999 | |c 5793 | ||